00506 a2200157 4500010001400000020002600014035001300040037001600053082001300069100001600082245011300098260004400211270004200255300003100297500002000328 aENG-89207 a9788120334403c250.00 aEN-72740 bDBAD / PUB14a658.4092 aCharney, Cy aThe leader's tool kit :cby Cy Charneybhundreds of tips and techniques for developing the skills you need / aNew DelhibPrentice Hall of Indiac2008 aM-97, Connaught CircusbDelhie110033 axiii, 240p.c22 cm ( Pbk.) aIncludes index